Linguistics Quiz - Statistics

General Stats
  • This quiz has been taken 155 times
    132 since last reset
  • The average score is 11 of 15
Answer Stats
Question Answer % Correct
Which is a homophone set? meat/meet
94%
Which word has a tap /ɾ/ in most American English? butter
89%
What is the IPA symbol for the sound at the start of "church"? /tʃ/
89%
What is the primary articulator in a bilabial sound? Lips
88%
In phonetics, voicing refers to... Whether the vocal folds vibrate
88%
What process is happening when a sound becomes more like a neighboring sound? Assimilation
80%
In IPA, what is the sound /θ/? Voiceless dental fricative
77%
Can a match box? no, but a tin can
71%
Which word contains a velar nasal /ŋ/? singer
70%
How do you pronounce the response to whining and complaining - "Wah-wah"? /wɑ wɑ/
59%
Which of these has a voiceless velar stop I'm going to kill you and chop up your limbs
55%
Which of the following is an example of a minimal pair? Ship/Sheep
55%
Which word has an aspirated stop? pin
54%
A language that primarily relies on word order rather than morphology is called... Analytic
50%
How do you pronounce Omer (Hebrew origin) /oˈmɛr/
41%
No matching quizzes found
Score Distribution
Percent of People with Each Score
Percentile by Number Answered
Your Score History
You have not taken this quiz since the last reset